000 00554 a2200205 4500
005 20260209164927.0
008 260209b |||||||| |||| 00| 0 eng d
020 _a9789395975858
_cRs. 2350.00
040 _aMAIN
082 _a305.800954
_bS11S
100 _aSa, Hemal, ed.
245 _aScheduled castes: Still a deprived class
260 _bSarup Book Publishers
_c2026
_aNew Delhi
300 _av, 247
650 _aSocial Science
650 _aSocial Groups
650 _aScheduled Castes-India
650 _aCultural Groups
942 _cBK
999 _c395092
_d395092